| 000 | 00696cam a2200205 a 4500 | ||
|---|---|---|---|
| 001 | 000010252 | ||
| 005 | 20200929162217.0 | ||
| 008 | 880822s1985 pr b 000 0 spa | ||
| 020 | _a8459961559 | ||
| 040 |
_aDO-SdBNP _bspa _cLC _dBNPHU |
||
| 082 |
_aPR862.4408 _bD259t |
||
| 100 | 1 |
_aDávila Santiago, Rubén. _925264 |
|
| 245 | 1 | 0 |
_aTeatro obrero en Puerto Rico (1900-1920) : _bantología / _cRubén Dávila Santiago. |
| 260 |
_aRío Piedras, Puerto Rico : _bEdil, _c1985. |
||
| 300 |
_a359 p. ; _c20 cm. |
||
| 650 | 4 |
_aTeatro puertorriqueño _xColecciones _ySIGLO XX. _925265 |
|
| 650 | 4 |
_aLiteratura puertorriqueña _ySIGLO XX. _95311 |
|
| 910 | _aCatalogación por copia / LC | ||
| 049 | _aBNGR | ||
| 999 |
_c10011 _d10011 |
||